[Event "Nordic Chess-ch 2019"]
[Site "Sarpsborg"]
[Date "2019.06.27"]
[Round "9.19"]
[White "Gonzalez, Francisco Silva"]
[Black "Schouten, Mathias Lind"]
[Result "1-0"]
[WhiteElo "2095"]
[BlackElo "1967"]
[Annotator "NA RC"]
[PlyCount "63"]
[EventDate "2019.06.21"]
[EventType "swiss"]
[EventCountry "NOR"]
[SourceTitle "playchess.com"]
[Source "ChessBase"]
[SourceQuality "1"]
[TimeControl "40/5400+30:1800+30"]

1. a3 {[%emt 0:20:23]} c5 {[%emt 0:01:40]} 2. Nf3 {[%emt 0:02:41]} Nc6 {[%emt 0:00:16]} 3. b3 {[%emt 0:00:18]} e5 {[%emt 0:03:42]} 4. e4 {[%emt 0:01:22]} Nf6 {[%emt 0:02:25]} 5. Nc3 {[%emt 0:01:26]} d6 {[%emt 0:06:17]} 6. Bb5 {[%emt 0:01:25]} Be7 {[%emt 0:02:23]} 7. O-O {[%emt 0:00:46]} O-O {[%emt 0:00:13]} 8. Bxc6 {[%emt 0:00:06]} bxc6 {[%emt 0:00:05]} 9. h3 {[%emt 0:00:10]} Qc7 {[%emt 0:16:01]} 10. d3 {[%emt 0:00:49]} h6 {[%emt 0:00:16]} 11. Re1 {[%emt 0:02:49]} Re8 {[%emt 0:01:26]} 12. Ne2 {[%emt 0:05:48]} a5 {[%emt 0:08:17]} 13. a4 {[%emt 0:00:36]} Bf8 {[%emt 0:04:17]} 14. Ng3 {[%emt 0:01:06]} d5 {[%emt 0:11:26]} 15. Nh4 {[%emt 0:04:04]} c4 {[%emt 0:10:01]} 16. bxc4 {[%emt 0:04:42]} dxc4 {[%emt 0:00:12]} 17. Qf3 {[%emt 0:00:46]} cxd3 {[%emt 0:04:10]} 18. Qxd3 {[%emt 0:00:26]} Rb8 {[%emt 0:05:34]} 19. Qf3 {[%emt 0:01:02]} Re6 {[%emt 0:00:53]} 20. Nhf5 {[%emt 0:00:37]} Kh7 {[%emt 0:02:28]} 21. Rd1 {[%emt 0:01:23]} c5 {[%emt 0:01:20]} 22. Bd2 {[%emt 0:01:05]} Rb2 {[%emt 0:00:39]} 23. Bc3 {[%emt 0:00:16]} Rb8 {[%emt 0:00:53]} 24. Ne3 {[%emt 0:03:32]} Bb7 {[%emt 0:01:32]} 25. Nc4 {[%emt 0:00:07]} Ra8 {[%emt 0:02:31]} 26. Kh2 {[%emt 0:03:34]} Re7 {[%emt 0:08:15]} 27. Qf5+ {[%emt 0:00:26]} Kh8 {[%emt 0:00:14]} 28. Bxe5 {[%emt 0:00:27]} Rxe5 {[%emt 0:00:59]} 29. Qxe5 {[%emt 0:04:41]} Qxe5 {[%emt 0:00:06]} 30. Nxe5 {[%emt 0:00:22]} Nxe4 {[%emt 0:00:05]} 31. Rd7 {[%emt 0:03:09]} Bc8 {[%emt 0:02:22]} 32. Nxe4 {[%emt 0:01:04]} 1-0

[Event "Nordic Chess-ch 2019"]
[Site "Sarpsborg"]
[Date "2019.06.27"]
[Round "9.21"]
[White "Asbjornsen, Jakob"]
[Black "Altarbosh, Ward"]
[Result "0-1"]
[WhiteElo "1359"]
[BlackElo "2250"]
[Annotator "TA"]
[PlyCount "22"]
[EventDate "2019.06.21"]
[EventType "swiss"]
[EventCountry "NOR"]
[SourceTitle "playchess.com"]
[Source "ChessBase"]
[SourceQuality "1"]

{[%evp 13,60,0,6,0,-3,-44,12,-175,-164,-158,-76,-88,-6,-26,-10,-17,0,-260,264,258,266,0,0,-64,-81,-106,-112,-260,-246,-250,-269,-270,-272,-269,-260,-1099,-729,-711,-706,-900,-725,-29987,-1077,-29996,-29994,-29996,-29996,-29996,-29996]} 1. e4 e6 2. d4 d5 3. Nd2 c5 4. exd5 Qxd5 5. dxc5 Bxc5 6. Ngf3 Nf6 7. Bc4 Qh5 8. O-O {C07: French Tarrasch: 3...c5, 4 Ngf3 and 4 exd5 Qxd5} (8. Qe2 O-O 9. Nf1 Bd6 10. Bg5 Nd5 11. Ng3 Bxg3 12. fxg3 Nc6 13. O-O-O Nb6 14. Bb5 f6 15. Be3 e5 16. Bxb6 axb6 {½-½ (58) Efimenko,Z (2647)-Bajarani,U (2551) Al Ain 2015}) 8... O-O 9. b3 e5 $146 (9... b6 $15) ({Predecessor:} 9... Nbd7 10. Bb2 b6 11. Qe2 Bb7 12. Bd3 Bd6 13. Rad1 Nd5 14. Ne4 Nf4 15. Qe3 Qg4 {1-0 (32) Zayas Gonzalez,L (1897)-Cordero Suarez,G (2024) Camaguey 2010}) 10. h3 $2 (10. Bb2 $11 {and White has nothing to worry.}) 10... e4 $19 11. Nh2 {[#]} Qg6 {Played: Bc5xf2} 0-1

[Event "Nordic Chess-ch 2019"]
[Site "Sarpsborg"]
[Date "2019.06.27"]
[Round "9.22"]
[White "Kro, Andreas Fuskeland"]
[Black "Tunsjo, Axel"]
[Result "0-1"]
[WhiteElo "1565"]
[BlackElo "2002"]
[Annotator "NA RC"]
[PlyCount "58"]
[EventDate "2019.06.21"]
[EventType "swiss"]
[EventCountry "NOR"]
[SourceTitle "playchess.com"]
[Source "ChessBase"]
[SourceQuality "1"]
[TimeControl "40/5400+30:1800+30"]

1. d4 {[%emt 0:00:00]} Nf6 {[%emt 0:00:00]} 2. c4 {[%emt 0:00:00]} e6 {[%emt 0:00:02]} 3. Nf3 {[%emt 0:00:00]} c5 {[%emt 0:01:14]} 4. d5 {[%emt 0:01:16]} b5 {[%emt 0:00:14]} 5. b3 {[%emt 0:01:58]} Bb7 {[%emt 0:01:10]} 6. Bg5 {[%emt 0:02:10]} bxc4 {[%emt 0:02:12]} 7. bxc4 {[%emt 0:00:16]} exd5 {[%emt 0:01:41]} 8. cxd5 {[%emt 0:00:37]} Bxd5 {[%emt 0:00:55]} 9. Qxd5 {[%emt 0:02:49]} Nxd5 {[%emt 0:00:31]} 10. Bxd8 {[%emt 0:00:04]} Kxd8 {[%emt 0:00:13]} 11. g3 {[%emt 0:01:54]} Be7 {[%emt 0:03:48]} 12. Bg2 {[%emt 0:05:45]} Nc6 {[%emt 0:02:56]} 13. O-O {[%emt 0:01:57]} Bf6 {[%emt 0:00:53]} 14. Nbd2 {[%emt 0:01:51]} Bxa1 {[%emt 0:03:46]} 15. Rxa1 {[%emt 0:00:19]} Nc3 {[%emt 0:01:01]} 16. e3 {[%emt 0:01:57]} Ke7 {[%emt 0:00:51]} 17. Nc4 {[%emt 0:02:50]} d5 {[%emt 0:02:08]} 18. Nce5 {[%emt 0:04:56]} Rac8 {[%emt 0:00:52]} 19. Nd3 {[%emt 0:03:23]} c4 {[%emt 0:03:41]} 20. Nde5 {[%emt 0:01:32]} Nxe5 {[%emt 0:00:36]} 21. Nxe5 {[%emt 0:00:09]} Rhd8 {[%emt 0:00:13]} 22. h4 {[%emt 0:02:49]} d4 {[%emt 0:01:02]} 23. exd4 {[%emt 0:03:17]} Ne2+ {[%emt 0:00:09]} 24. Kh2 {[%emt 0:00:20]} Nxd4 {[%emt 0:00:05]} 25. Rc1 {[%emt 0:04:06]} c3 {[%emt 0:00:19]} 26. Ng4 {[%emt 0:01:26]} Kf8 {[%emt 0:00:50]} 27. Ne3 {[%emt 0:00:50]} Ne2 {[%emt 0:00:22]} 28. Rc2 {[%emt 0:00:42]} Rd2 {[%emt 0:00:05]} 29. Bf3 {[%emt 0:00:42]} Nd4 {[%emt 0:00:23]} 0-1

[Event "Nordic Chess-ch 2019"]
[Site "Sarpsborg"]
[Date "2019.06.27"]
[Round "9.23"]
[White "Kristiansen, Rune Harald"]
[Black "Skaar, Ben Samuel Groth"]
[Result "1-0"]
[WhiteElo "1849"]
[BlackElo "1362"]
[Annotator "NA RC"]
[PlyCount "57"]
[EventDate "2019.06.21"]
[EventType "swiss"]
[EventCountry "NOR"]
[SourceTitle "playchess.com"]
[Source "ChessBase"]
[SourceQuality "1"]
[TimeControl "40/5400+30:1800+30"]

1. d4 {[%emt 0:00:00]} d5 {[%emt 0:00:00]} 2. Nf3 {[%emt 0:00:00]} Nf6 {[%emt 0:00:00]} 3. e3 {[%emt 0:00:13]} e6 {[%emt 0:00:00]} 4. Bd3 {[%emt 0:00:51]} Be7 {[%emt 0:00:08]} 5. Nbd2 {[%emt 0:00:58]} Nbd7 {[%emt 0:00:17]} 6. b3 {[%emt 0:01:34]} c5 {[%emt 0:00:09]} 7. Bb2 {[%emt 0:01:07]} b6 {[%emt 0:01:13]} 8. Ne5 {[%emt 0:07:38]} Nxe5 {[%emt 0:09:21]} 9. dxe5 {[%emt 0:00:09]} Nd7 {[%emt 0:00:06]} 10. Qg4 {[%emt 0:02:28]} g6 {[%emt 0:07:57]} 11. h4 {[%emt 0:15:00]} h5 {[%emt 0:08:51]} 12. Qg3 {[%emt 0:00:38]} Rg8 {[%emt 0:13:58]} 13. e4 {[%emt 0:07:44]} Bb7 {[%emt 0:08:44]} 14. exd5 {[%emt 0:00:36]} Bxd5 {[%emt 0:00:38]} 15. Be2 {[%emt 0:07:11]} Rh8 {[%emt 0:04:56]} 16. c4 {[%emt 0:02:33]} Bb7 {[%emt 0:01:22]} 17. Bf3 {[%emt 0:03:47]} Bxf3 {[%emt 0:04:19]} 18. Qxf3 {[%emt 0:00:19]} Rb8 {[%emt 0:05:13]} 19. g3 {[%emt 0:05:32]} Qc7 {[%emt 0:03:51]} 20. Qe3 {[%emt 0:02:10]} Rd8 {[%emt 0:03:16]} 21. O-O-O {[%emt 0:01:42]} Kf8 {[%emt 0:03:21]} 22. f4 {[%emt 0:02:56]} Nb8 {[%emt 0:03:28]} 23. Ne4 {[%emt 0:05:25]} Kg7 {[%emt 0:00:39]} 24. Nd6 {[%emt 0:02:23]} Rhf8 {[%emt 0:00:55]} 25. Qe2 {[%emt 0:04:14]} f5 {[%emt 0:06:29]} 26. exf6+ {[%emt 0:03:01]} Bxf6 {[%emt 0:00:15]} 27. Bxf6+ {[%emt 0:00:59]} Rxf6 {[%emt 0:00:13]} 28. Qe5 {[%emt 0:00:22]} Nc6 {[%emt 0:00:24]} 29. Ne8+ {[%emt 0:23:00]} 1-0

[Event "Nordic Chess-ch 2019"]
[Site "Sarpsborg"]
[Date "2019.06.27"]
[Round "9.24"]
[White "Johansen, Kolbjorn-Albin"]
[Black "Johansen, Torbjorn Reidar"]
[Result "1/2-1/2"]
[WhiteElo "1690"]
[BlackElo "1754"]
[Annotator "NA"]
[PlyCount "89"]
[EventDate "2019.06.21"]
[EventType "swiss"]
[EventCountry "NOR"]
[SourceTitle "playchess.com"]
[Source "ChessBase"]
[SourceQuality "1"]
[TimeControl "40/5400+30:1800+30"]

1. d4 {[%emt 0:00:00]} Nf6 {[%emt 0:05:53]} 2. Bf4 {[%emt 0:00:10]} d6 {[%emt 0:00:27]} 3. e3 {[%emt 0:00:24]} g6 {[%emt 0:00:06]} 4. Nf3 {[%emt 0:00:19]} Bg7 {[%emt 0:00:06]} 5. Be2 {[%emt 0:00:36]} O-O {[%emt 0:00:08]} 6. h3 {[%emt 0:00:33]} Nbd7 {[%emt 0:02:46]} 7. O-O {[%emt 0:00:33]} c5 {[%emt 0:00:26]} 8. c3 {[%emt 0:00:52]} b6 {[%emt 0:05:40]} 9. Nbd2 {[%emt 0:02:32]} Bb7 {[%emt 0:00:09]} 10. a4 {[%emt 0:00:37]} Nd5 {[%emt 0:04:36]} 11. Bh2 {[%emt 0:02:42]} e5 {[%emt 0:03:15]} 12. Nc4 {[%emt 0:08:24]} Qc7 {[%emt 0:03:35]} 13. Qb3 {[%emt 0:09:29]} Bc6 {[%emt 0:05:51]} 14. Rfd1 {[%emt 0:06:01]} Rad8 {[%emt 0:02:49]} 15. Na3 {[%emt 0:07:02]} Ne7 {[%emt 0:05:00]} 16. d5 {[%emt 0:11:02]} Ba8 {[%emt 0:04:14]} 17. e4 {[%emt 0:03:05]} Kh8 {[%emt 0:01:19]} 18. c4 {[%emt 0:06:51]} f5 {[%emt 0:00:56]} 19. Ng5 {[%emt 0:01:51]} Rf6 {[%emt 0:03:05]} 20. Nb5 {[%emt 0:06:59]} Qb8 {[%emt 0:12:26]} 21. f3 {[%emt 0:05:38]} Nf8 {[%emt 0:01:23]} 22. h4 {[%emt 0:01:45]} h6 {[%emt 0:07:01]} 23. Nh3 {[%emt 0:00:33]} Nh7 {[%emt 0:03:27]} 24. Nc3 {[%emt 0:02:35]} f4 {[%emt 0:01:13]} 25. a5 {[%emt 0:01:27]} g5 {[%emt 0:07:04]} 26. h5 {[%emt 0:04:09]} Rg8 {[%emt 0:03:33]} 27. axb6 {[%emt 0:01:42]} axb6 {[%emt 0:02:34]} 28. Nf2 {[%emt 0:00:24]} Qe8 {[%emt 0:00:22]} 29. Ng4 {[%emt 0:02:00]} Rff8 {[%emt 0:00:10]} 30. Qxb6 {[%emt 0:01:00]} Qb8 {[%emt 0:03:51]} 31. Qxb8 {[%emt 0:00:59]} Rxb8 {[%emt 0:00:01]} 32. Nb5 {[%emt 0:00:36]} Rgd8 {[%emt 0:01:07]} 33. Ra6 {[%emt 0:05:27]} Nc8 {[%emt 0:00:16]} 34. Rda1 {[%emt 0:00:34]} Bb7 {[%emt 0:00:22]} 35. R6a2 {[%emt 0:00:28]} Bf8 {[%emt 0:00:48]} 36. Kf2 {[%emt 0:03:04]} Nb6 {[%emt 0:01:43]} 37. Ke1 {[%emt 0:00:42]} Nd7 {[%emt 0:01:08]} 38. Kd2 {[%emt 0:01:26]} Ndf6 {[%emt 0:00:17]} 39. Kc3 {[%emt 0:03:01]} Nxh5 {[%emt 0:00:15]} 40. Nc7 {[%emt 0:01:27]} Bc8 {[%emt 0:00:39]} 41. Nf2 {[%emt 0:08:09]} N5f6 {[%emt 0:00:59]} 42. Ra8 {[%emt 0:11:34]} Bd7 {[%emt 0:00:44]} 43. Rxb8 {[%emt 0:01:39]} Rxb8 {[%emt 0:00:20]} 44. Ra8 {[%emt 0:01:08]} Rxa8 {[%emt 0:00:13]} 45. Nxa8 {[%emt 0:00:03]} 1/2-1/2

[Event "Nordic Chess-ch 2019"]
[Site "Sarpsborg"]
[Date "2019.06.27"]
[Round "9.25"]
[White "Berisha, Xhafer"]
[Black "Tenold, Andreas"]
[Result "0-1"]
[WhiteElo "1340"]
[BlackElo "1959"]
[Annotator "NA RC"]
[PlyCount "98"]
[EventDate "2019.06.21"]
[EventType "swiss"]
[EventCountry "NOR"]
[SourceTitle "playchess.com"]
[Source "ChessBase"]
[SourceQuality "1"]
[TimeControl "40/5400+30:1800+30"]

1. e3 {[%emt 0:11:22]} e5 {[%emt 0:00:00]} 2. c4 {[%emt 0:00:09]} Nf6 {[%emt 0:00:08]} 3. f4 {[%emt 0:00:25]} exf4 {[%emt 0:02:32]} 4. exf4 {[%emt 0:00:20]} d5 {[%emt 0:01:32]} 5. Nf3 {[%emt 0:00:17]} Bg4 {[%emt 0:08:47]} 6. Be2 {[%emt 0:01:31]} Bd6 {[%emt 0:04:41]} 7. d4 {[%emt 0:00:25]} dxc4 {[%emt 0:02:42]} 8. O-O {[%emt 0:00:48]} O-O {[%emt 0:01:50]} 9. Ne5 {[%emt 0:00:16]} Bxe2 {[%emt 0:03:20]} 10. Qxe2 {[%emt 0:00:18]} c5 {[%emt 0:06:41]} 11. Nxc4 {[%emt 0:00:42]} cxd4 {[%emt 0:00:36]} 12. Qf3 {[%emt 0:01:03]} Nc6 {[%emt 0:00:24]} 13. f5 {[%emt 0:00:19]} Bc5 {[%emt 0:20:09]} 14. Bg5 {[%emt 0:00:37]} Rc8 {[%emt 0:03:50]} 15. Nbd2 {[%emt 0:00:12]} b5 {[%emt 0:00:26]} 16. Na3 {[%emt 0:00:24]} a6 {[%emt 0:05:51]} 17. Rac1 {[%emt 0:02:39]} Ne5 {[%emt 0:02:27]} 18. Qg3 {[%emt 0:00:42]} Ned7 {[%emt 0:04:47]} 19. Rfe1 {[%emt 0:00:53]} Qb6 {[%emt 0:00:31]} 20. Kh1 {[%emt 0:00:26]} Bd6 {[%emt 0:04:58]} 21. Qf2 {[%emt 0:01:16]} Ng4 {[%emt 0:01:16]} 22. Qh4 {[%emt 0:00:39]} Rxc1 {[%emt 0:03:36]} 23. Rxc1 {[%emt 0:00:12]} Nde5 {[%emt 0:00:08]} 24. Ne4 {[%emt 0:01:39]} f6 {[%emt 0:03:24]} 25. Bf4 {[%emt 0:09:10]} g5 {[%emt 0:00:51]} 26. fxg6 {[%emt 0:00:25]} Nxg6 {[%emt 0:00:29]} 27. Qxg4 {[%emt 0:00:53]} Bxf4 {[%emt 0:01:04]} 28. Rf1 {[%emt 0:00:18]} f5 {[%emt 0:00:23]} 29. Qe2 {[%emt 0:01:52]} fxe4 {[%emt 0:00:25]} 30. Qxe4 {[%emt 0:00:04]} Qd6 {[%emt 0:00:59]} 31. Nc2 {[%emt 0:02:19]} d3 {[%emt 0:02:30]} 32. Nd4 {[%emt 0:00:12]} Be5 {[%emt 0:02:47]} 33. Nf5 {[%emt 0:00:49]} d2 {[%emt 0:01:54]} 34. Rd1 {[%emt 0:00:27]} Qd7 {[%emt 0:01:07]} 35. g4 {[%emt 0:00:20]} Bxb2 {[%emt 0:01:19]} 36. Qc2 {[%emt 0:02:00]} Qd5+ {[%emt 0:02:19]} 37. Kg1 {[%emt 0:00:21]} Bd4+ {[%emt 0:01:32]} 38. Nxd4 {[%emt 0:01:14]} Qxd4+ {[%emt 0:00:02]} 39. Kh1 {[%emt 0:00:50]} Qd5+ {[%emt 0:00:27]} 40. Kg1 {[%emt 0:00:27]} Nf4 {[%emt 0:01:03]} 41. Kf2 {[%emt 0:31:41]} Qg2+ {[%emt 0:32:39]} 42. Ke3 {[%emt 0:00:23]} Qe2+ {[%emt 0:00:04]} 43. Kd4 {[%emt 0:00:32]} Rd8+ {[%emt 0:00:06]} 44. Kc3 {[%emt 0:00:17]} Rc8+ {[%emt 0:00:16]} 45. Kb2 {[%emt 0:00:13]} Rxc2+ {[%emt 0:00:37]} 46. Kxc2 {[%emt 0:00:13]} Qd3+ {[%emt 0:00:12]} 47. Kb2 {[%emt 0:00:23]} Ne2 {[%emt 0:00:09]} 48. g5 {[%emt 0:01:11]} Qc3+ {[%emt 0:00:07]} 49. Kb1 {[%emt 0:00:08]} Qc1+ {[%emt 0:00:01]} 0-1

[Event "Nordic Chess-ch 2019"]
[Site "Sarpsborg"]
[Date "2019.06.27"]
[Round "9.26"]
[White "Holand, Per Fredrik"]
[Black "Strand, Vetle Bjorge"]
[Result "0-1"]
[WhiteElo "1883"]
[BlackElo "1609"]
[Annotator "NA RC"]
[PlyCount "40"]
[EventDate "2019.06.21"]
[EventType "swiss"]
[EventCountry "NOR"]
[SourceTitle "playchess.com"]
[Source "ChessBase"]
[SourceQuality "1"]
[TimeControl "40/5400+30:1800+30"]

1. d4 {[%emt 0:02:05]} d5 {[%emt 0:00:00]} 2. Bf4 {[%emt 0:00:08]} Nf6 {[%emt 0:00:00]} 3. e3 {[%emt 0:00:12]} Bf5 {[%emt 0:00:09]} 4. c4 {[%emt 0:00:40]} e6 {[%emt 0:00:23]} 5. Nf3 {[%emt 0:03:09]} c5 {[%emt 0:03:23]} 6. Nc3 {[%emt 0:01:51]} dxc4 {[%emt 0:09:09]} 7. Bxc4 {[%emt 0:00:36]} a6 {[%emt 0:00:33]} 8. dxc5 {[%emt 0:05:44]} Qxd1+ {[%emt 0:00:58]} 9. Rxd1 {[%emt 0:00:09]} Bxc5 {[%emt 0:00:22]} 10. Nd4 {[%emt 0:00:54]} Bg6 {[%emt 0:01:05]} 11. f3 {[%emt 0:02:05]} Nbd7 {[%emt 0:03:02]} 12. Nb3 {[%emt 0:00:14]} Bb6 {[%emt 0:03:53]} 13. Ke2 {[%emt 0:00:37]} Rc8 {[%emt 0:01:22]} 14. Bd3 {[%emt 0:00:03]} Bc7 {[%emt 0:16:49]} 15. Bxc7 {[%emt 0:01:15]} Rxc7 {[%emt 0:04:49]} 16. Rd2 {[%emt 0:01:35]} Ke7 {[%emt 0:01:33]} 17. e4 {[%emt 0:00:14]} Ne5 {[%emt 0:01:34]} 18. Rhd1 {[%emt 0:00:46]} Rd8 {[%emt 0:01:36]} 19. Ke3 {[%emt 0:00:18]} Rxd3+ {[%emt 0:05:24]} 20. Rxd3 {[%emt 0:00:12]} Nc4+ {[%emt 0:00:43]} 0-1

[Event "Nordic Chess-ch 2019"]
[Site "Sarpsborg"]
[Date "2019.06.27"]
[Round "9.27"]
[White "Jashari, Driton"]
[Black "Nordtug, Per Oistein"]
[Result "1-0"]
[WhiteElo "1755"]
[BlackElo "1456"]
[Annotator "NA RC"]
[PlyCount "67"]
[EventDate "2019.06.21"]
[EventType "swiss"]
[EventCountry "NOR"]
[SourceTitle "playchess.com"]
[Source "ChessBase"]
[SourceQuality "1"]
[TimeControl "40/5400+30:1800+30"]

1. e4 {[%emt 0:00:00]} c5 {[%emt 0:00:00]} 2. Nf3 {[%emt 0:00:55]} d6 {[%emt 0:00:00]} 3. d4 {[%emt 0:01:23]} cxd4 {[%emt 0:00:00]} 4. Qxd4 {[%emt 0:00:10]} Nc6 {[%emt 0:00:59]} 5. Qd1 {[%emt 0:00:06]} g6 {[%emt 0:01:35]} 6. c3 {[%emt 0:00:04]} Bg7 {[%emt 0:00:11]} 7. Bc4 {[%emt 0:00:51]} Qb6 {[%emt 0:01:40]} 8. O-O {[%emt 0:00:11]} Qc5 {[%emt 0:03:45]} 9. Bb3 {[%emt 0:00:11]} Nf6 {[%emt 0:00:06]} 10. Ng5 {[%emt 0:05:12]} O-O {[%emt 0:02:31]} 11. Be3 {[%emt 0:00:07]} Qa5 {[%emt 0:02:10]} 12. Nd2 {[%emt 0:00:06]} Ne5 {[%emt 0:10:05]} 13. h3 {[%emt 0:04:38]} h6 {[%emt 0:03:20]} 14. f4 {[%emt 0:00:38]} Nd3 {[%emt 0:02:31]} 15. Nc4 {[%emt 0:01:14]} Nxb2 {[%emt 0:04:23]} 16. Nxb2 {[%emt 0:04:49]} hxg5 {[%emt 0:02:32]} 17. fxg5 {[%emt 0:01:19]} Nxe4 {[%emt 0:00:40]} 18. Qf3 {[%emt 0:02:32]} Bf5 {[%emt 0:02:02]} 19. g4 {[%emt 0:00:08]} Bxc3 {[%emt 0:11:57]} 20. Nc4 {[%emt 0:00:47]} Qb5 {[%emt 0:06:11]} 21. gxf5 {[%emt 0:00:07]} gxf5 {[%emt 0:04:02]} 22. Rad1 {[%emt 0:02:09]} Rac8 {[%emt 0:04:34]} 23. Na3 {[%emt 0:06:19]} Qd7 {[%emt 0:03:36]} 24. Qxf5 {[%emt 0:00:58]} Qxf5 {[%emt 0:01:22]} 25. Rxf5 {[%emt 0:00:04]} Kg7 {[%emt 0:01:00]} 26. Kg2 {[%emt 0:00:19]} e6 {[%emt 0:01:23]} 27. Rf3 {[%emt 0:00:39]} a6 {[%emt 0:01:30]} 28. Nb1 {[%emt 0:00:07]} d5 {[%emt 0:02:14]} 29. Nxc3 {[%emt 0:00:10]} Rxc3 {[%emt 0:00:07]} 30. Bd4+ {[%emt 0:00:22]} Kg6 {[%emt 0:05:11]} 31. Bxc3 {[%emt 0:02:30]} Nxg5 {[%emt 0:01:05]} 32. Rg3 {[%emt 0:00:08]} f6 {[%emt 0:00:38]} 33. h4 {[%emt 0:00:13]} f5 {[%emt 0:01:32]} 34. Rxg5+ {[%emt 0:00:10]} 1-0

[Event "Nordic Chess-ch 2019"]
[Site "Sarpsborg"]
[Date "2019.06.27"]
[Round "9.28"]
[White "Henriksen, Morgan"]
[Black "Haggar, Haytham"]
[Result "0-1"]
[WhiteElo "1717"]
[BlackElo "1309"]
[Annotator "NA"]
[PlyCount "96"]
[EventDate "2019.06.21"]
[EventType "swiss"]
[EventCountry "NOR"]
[SourceTitle "playchess.com"]
[Source "ChessBase"]
[SourceQuality "1"]
[TimeControl "40/5400+30:1800+30"]

1. d4 {[%emt 0:00:23]} g6 {[%emt 0:00:00]} 2. c4 {[%emt 0:00:09]} Bg7 {[%emt 0:00:05]} 3. Nc3 {[%emt 0:00:07]} Nf6 {[%emt 0:00:31]} 4. e4 {[%emt 0:00:15]} d6 {[%emt 0:00:46]} 5. Nf3 {[%emt 0:00:08]} Bg4 {[%emt 0:01:07]} 6. Be2 {[%emt 0:01:05]} O-O {[%emt 0:00:56]} 7. O-O {[%emt 0:00:07]} Nc6 {[%emt 0:03:23]} 8. Be3 {[%emt 0:00:26]} b6 {[%emt 0:02:41]} 9. a3 {[%emt 0:01:36]} Na5 {[%emt 0:00:43]} 10. b4 {[%emt 0:00:44]} Nc6 {[%emt 0:04:04]} 11. Rc1 {[%emt 0:00:29]} a5 {[%emt 0:01:17]} 12. b5 {[%emt 0:01:57]} Nb8 {[%emt 0:00:42]} 13. h3 {[%emt 0:02:50]} Be6 {[%emt 0:01:48]} 14. Qc2 {[%emt 0:01:10]} Ne8 {[%emt 0:05:50]} 15. Rfd1 {[%emt 0:01:09]} Qc8 {[%emt 0:00:26]} 16. Ng5 {[%emt 0:04:21]} Bd7 {[%emt 0:00:45]} 17. Nd5 {[%emt 0:03:02]} Qd8 {[%emt 0:02:36]} 18. c5 {[%emt 0:00:54]} e6 {[%emt 0:04:41]} 19. cxd6 {[%emt 0:10:10]} cxd6 {[%emt 0:04:32]} 20. Nc3 {[%emt 0:03:57]} Ra7 {[%emt 0:04:06]} 21. Na4 {[%emt 0:06:43]} h6 {[%emt 0:04:11]} 22. Nf3 {[%emt 0:00:26]} Rb7 {[%emt 0:01:50]} 23. d5 {[%emt 0:04:01]} e5 {[%emt 0:03:56]} 24. Nd2 {[%emt 0:01:13]} f5 {[%emt 0:02:30]} 25. f3 {[%emt 0:01:04]} f4 {[%emt 0:01:28]} 26. Bf2 {[%emt 0:00:00]} Bf6 {[%emt 0:04:39]} 27. Nc4 {[%emt 0:04:03]} Bxb5 {[%emt 0:08:29]} 28. Ncxb6 {[%emt 0:06:46]} Bxe2 {[%emt 0:06:25]} 29. Qxe2 {[%emt 0:00:00]} Rc7 {[%emt 0:09:02]} 30. Qe1 {[%emt 0:01:37]} Rff7 {[%emt 0:02:27]} 31. Na8 {[%emt 0:06:49]} Rxc1 {[%emt 0:01:59]} 32. Rxc1 {[%emt 0:00:10]} Nd7 {[%emt 0:00:37]} 33. N8b6 {[%emt 0:00:27]} Nxb6 {[%emt 0:01:05]} 34. Bxb6 {[%emt 0:02:40]} Qb8 {[%emt 0:03:25]} 35. Qxa5 {[%emt 0:03:17]} Bh4 {[%emt 0:00:24]} 36. Qa6 {[%emt 0:03:27]} Rb7 {[%emt 0:00:45]} 37. Qb5 {[%emt 0:04:16]} Kf7 {[%emt 0:03:04]} 38. Qc6 {[%emt 0:01:45]} Qa8 {[%emt 0:02:11]} 39. Nc3 {[%emt 0:10:52]} Qa6 {[%emt 0:04:16]} 40. Ba5 {[%emt 0:05:57]} Qa7+ {[%emt 0:02:26]} 41. Kh1 {[%emt 0:31:03]} Rb2 {[%emt 0:30:46]} 42. Nd1 {[%emt 0:03:44]} Re2 {[%emt 0:00:00]} 43. Nc3 {[%emt 0:00:00]} Rxg2 {[%emt 0:00:00]} 44. Bb6 {[%emt 0:00:00]} Qxa3 {[%emt 0:00:00]} 45. Nb5 {[%emt 0:00:00]} Qxf3 {[%emt 0:00:00]} 46. Nxd6+ {[%emt 0:00:00]} Nxd6 {[%emt 0:00:00]} 47. Qd7+ {[%emt 0:00:00]} Be7 {[%emt 0:00:00]} 48. Qe6+ {[%emt 0:00:00]} Kf8 {[%emt 0:00:00]} 0-1